Countries Ending in "IA" by Clue #1 - Statistics

General Stats
  • This quiz has been taken 70,501 times
  • The average score is 12 of 17
Answer Stats
Hint Answer % Correct
A land-locked country of South America Bolivia
94%
Borders Venezuela Colombia
91%
Was formerly joined with the Czech Republic Slovakia
90%
Borders North Korea Russia
86%
The easternmost country on the African mainland Somalia
86%
The largest country by area in Africa Algeria
84%
Its name starts with "Saint" Saint Lucia
80%
The largest and most populous of the former Yugoslavian countries Serbia
79%
The northernmost of the "Baltic Republics" Estonia
75%
Has more active volcanoes than any other country Indonesia
71%
Suffered under the Khmer Rouge regime in the 1970s Cambodia
66%
Changed its flag after the overthrow of Bashar al-Assad in 2024 Syria
65%
Controls most of the northern shore of Borneo Malaysia
63%
Across the Adriatic from Italy's "heel" Albania
61%
30% of the population is nomadic or semi-nomadic Mongolia
57%
The "Arab Spring" started here in December, 2010 Tunisia
53%
Its rapidly-growing population passed 100 million in 2016 Ethiopia
38%
No matching quizzes found
Score Distribution
Percent of People with Each Score
Percentile by Number Answered
Your Score History
You have not taken this quiz